Azaña imprescindible (Record no. 177103)

MARC details
000 -LEADER
campo de control de longitud fija 01002nam a22002415i 4500
001 - NÚMERO DE CONTROL
campo de control 177103
003 - IDENTIFICADOR DE NÚMERO DE CONTROL
campo de control ES-MaACL
005 - FECHA Y HORA DE LA ÚLTIMA TRANSACCIÓN
campo de control 20240109201307.0
008 - DATOS DE LONGITUD FIJA--INFORMACIÓN GENERAL
campo de control de longitud fija 110303s2010 sp |||| | spa d
080 ## - NÚMERO DE LA CLASIFICACIÓN DECIMAL UNIVERSAL
Número de la Clasificación Decimal Universal 94(460)"1936/1939"
100 1# - ENTRADA PRINCIPAL--NOMBRE DE PERSONA
Nombre de persona Azaña, Manuel,
Fechas asociadas al nombre 1880-1940
9 (RLIN) 24223
245 10 - MENCIÓN DEL TÍTULO
Título Azaña imprescindible
Resto del título : sus grandes discursos : el papel de la Iglesia, la tentación totalitaria de la derecha, las bases del ejército moderno_ /
Mención de responsabilidad, etc. selección, prólogo y notas, Isabelo Herreros.
260 ## - PUBLICACIÓN, DISTRIBUCIÓN, ETC.
Lugar de publicación, distribución, etc. [Madrid] :
Nombre del editor, distribuidor, etc. Diario Público,
Fecha de publicación, distribución, etc. [2010]
300 ## - DESCRIPCIÓN FÍSICA
Extensión 304 p. ;
Dimensiones 18 cm.
600 14 - PUNTO DE ACCESO ADICIONAL DE MATERIA--NOMBRE DE PERSONA
Nombre de persona Azaña, Manuel,
Fechas asociadas al nombre 1880-1940-
Subdivisión general Pensamiento político
9 (RLIN) 24227
600 #0 - PUNTO DE ACCESO ADICIONAL DE MATERIA--NOMBRE DE PERSONA
Nombre de persona Azaña, Manuel,
Fechas asociadas al nombre 1880-1940-
Subdivisión de forma Discursos
9 (RLIN) 233672
651 #4 - PUNTO DE ACCESO ADICIONAL DE MATERIA--NOMBRE GEOGRÁFICO
Nombre geográfico España-
Subdivisión general Historia-
Subdivisión cronológica 1931-1939, II República
9 (RLIN) 8283
700 1# - ENTRADA AGREGADA--NOMBRE PERSONAL
Nombre de persona Herreros, Isabelo,
Fechas asociadas al nombre 1953-
9 (RLIN) 63354
852 4# - LOCALIZACIÓN
Ubicación ES-MaACL
Número de control de estantería E-14526
852 4# - LOCALIZACIÓN
Ubicación ES-MaACL
Número de control de estantería A-12426
itemnumber 183876
Sublocalización o colección R.146652
Ubicación en estantería Depósito 1
Signatura antigua Olim: N-5431
942 ## - ELEMENTOS DE ENTRADA SECUNDARIOS (KOHA)
Fuente del sistema de clasificación o colocación Clasificación decimal universal
Tipo de ítem Koha Libro impreso
Holdings
Estatus retirado Estado de pérdida Fuente del sistema de clasificación o colocación Estado de daño No para préstamo Biblioteca de origen Biblioteca actual Ubicación en estantería Fecha de adquisición Fuente de adquisición Total de préstamos Signatura topográfica completa Código de barras Visto por última vez Precio de reemplazo Tipo de ítem Koha Restricciones de uso
    Clasificación decimal universal     Biblioteca del Ateneo de Madrid Biblioteca del Ateneo de Madrid Depósito 1 31/10/2021 Donación   A-12426 1202716 23/02/2023 23/02/2023 Libro impreso  
    Clasificación decimal universal     Biblioteca del Ateneo de Madrid Biblioteca del Ateneo de Madrid Depósito 2 03/03/2011     E-14526 1186009 23/02/2023 23/02/2023 Libro impreso Duplicado